=LDR 00000nam 2200000 4500 =001 INLIS000000000036433 =005 20130612142224 =008 ***********************************Ind** =035 ##$$0010-061300000036433 =041 ##$$a Ind =082 ##$$a 641.865 4 =090 ##$$a 641.865 4, Kom s =100 ##$$a Komala, Zulkayani Lala =245 ##$$a Komala, Zulkayani Lala =260 ##$$a 2009 $b Jakarta =300 ##$$a 44 hlm, ilus, 21 cm =650 ##$$a Kue (cake marmer) =850 ##$$a NBPNMAT